Responses for Show #4869 - Thursday, November 10, 2005

2005 College Championship quarterfinal game 4.
From the RBC Center in Raleigh, North Carolina.

Contestants

[<< previous game]

Adam Pinson, a senior at the University of Alabama at Birmingham from Pinson, Alabama

Chelsea He, a sophomore at Duke University from Raleigh, North Carolina

Chris Breen, a sophomore at Princeton University from Springfield, Massachusetts

[next game >>]

Jeopardy! Round responses

COLLEGE AKA
(Alex: Also known as.)
GEEK LOVE
THE 19th CENTURY
I KNOW WHAT YOU DID LAST SUMMER
THE DA VINCI CODE
THE ACC
    $200 1
Auburn

Chris
    $200 16
Apple

Adam
    $200 6
(Cyrus) McCormick

Chris
    $200 11
the Jet Propulsion Lab

Chris
    $200 26
the Mona Lisa

Chelsea
    $200 21
Boston College

Chris
    $400 2
Colgate

Chris
    $400 17
Microsoft

Adam
    $400 7
Little Bighorn

Adam
    $400 12
Habitat for Humanity

Adam
    $400 27
The Last Supper

Chelsea
    $400 22
Mia Hamm

Chris
    $600 3
Rice

Chris
    $600 18
(Chris: Who is Jobs?)

George Lucas

Chris
Triple Stumper
    $600 8
Prussia

Chris
    $600 13
Jamba Juice

Chris
    $600 28
mirror writing

Triple Stumper
    $600 23
Georgia Tech

Chelsea
    $800 4
Tufts

Chris
    $800 19
Linux

Adam
    $1,000 9
the Crimean War

Chris
    $800 14
organic chemistry

Adam
    $800 29
(Adam: What is Promethean Man?)
(Chris: Who is David?)

Vitruvian Man

ChrisChelseaAdam
    $800 24
Arnold Palmer

Adam
    $1000 5
(Chelsea: What is Grinnell?)

Drake

Chelsea
Triple Stumper
    $1000 20
Netscape

Chris
    $1000 10
Brazil

Chris
    $1000 15
Blondes

Triple Stumper
    $1000 30
(Alex: Nasty-looking thing. Lady with [*].)

an ermine

Triple Stumper
    $1000 25
the University of South Carolina

Adam

Scores at the first commercial break (after clue 15):

Chris Chelsea Adam
$5,600 -$1,000 $1,600

Scores at the end of the Jeopardy! Round:

Chris Chelsea Adam
$5,800 $1,000 $4,000

Double Jeopardy! Round responses

WE'VE GOT MORE PEOPLE THAN YOU!
(Alex: You have to identify the most populous country of the ones we give you.)
CHARACTERS IN MUSICALS
TOUGH STUFF
SUPREME COURT REJECTS
PITHY QUOTES
THE "ACC"
(Alex: Each correct response will begin with the letters "A-C-C".)
    $400 11
(Adam: Who is Israel?)
(Chelsea: Who is Iraq?)

Iran

ChrisChelseaAdam
    $400 13
[Applause and laughter]
(Alex: [To Chris] Hey, it's a good thing you came up with the correct response on that one!)

Princeton

Chris
    $400 14
(Adam: What is air?)
...
(Alex: You don't want to get stung so you blow [*] in there. Makes the bees kinda groggy.)

smoke

Adam
Triple Stumper
    $400 19
Nixon

Adam
    $400 6
"Bah, Humbug"

Chris
    $400 1
the accordion

Adam
    $800 12
Lithuania

Adam
    $800 27
Fiddler on the Roof

Triple Stumper
    $800 15
topaz

Chelsea
    $800 20
(Adam: Who is Thomas Jefferson?)
(Chelsea: Who is John Adams?)
...
(Alex: You were going in the right direction. One more and you'd have come up with [*].)

George Washington

ChelseaAdam
Triple Stumper
    $800 7
Galileo

Chelsea
    $800 2
accounting

Chelsea
    $1200 18
Fiji

Adam
    $1200 28
Glinda (the Good Witch)

Adam
    $1200 16
Arabic

Triple Stumper
    $2,000 21
Reagan

Adam
    $1200 8
(Alex: Right, "Think of others.")

The Salvation Army

Chelsea
    $1200 3
Accra

Chris
    $1600 25
Germany

Chelsea
    $1600 29
(Adam: Who is King Arthur?)

Sir Lancelot

Adam
Triple Stumper
    $1600 17
the United States of America

Triple Stumper
    $1600 22
James Garfield

Adam
    $1,200 9
J'accuse

Chelsea
    $1600 4
an accelerant

Adam
    $2000 26
Pakistan

Adam
    $2000 30
Rafiki

Chris
    $2000 24
marsupium

Triple Stumper
    $2000 23
Grover Cleveland

Adam
    $2000 10
Lazarus

Triple Stumper
    $2000 5
accrued

Adam

Scores at the end of the Double Jeopardy! Round:

Chris Chelsea Adam
$10,200 $6,200 $16,000

Final Jeopardy! Round responses

BILLBOARD MAGAZINE
(Alex: Adam was squinting as he was looking at that clue. "What is the worst songs ever"? [Much laughter] That's not a bad guess, but it's incorrect. Do you guys have cell phones? They had a Top 20 list of [*] for cell phones.)
ChelseaWhat are collaborations
$4,001
ChrisWhat are one hit wonders?
$3,300
AdamWhat is the worst songs ever
$4,500
ringtones

Final scores:

Chris Chelsea Adam
$6,900 $2,199 $11,500
2nd place: $5,000 if eliminated 3rd place: $5,000 if eliminated Automatic semifinalist

Game dynamics:

Coryat scores:

Chris Chelsea Adam
$10,000 $6,600 $15,200
18 R
(including 1 DD),
2 W
10 R
(including 1 DD),
3 W
19 R
(including 1 DD),
5 W

Combined Coryat: $31,800

[game clues] [game scores] [suggest correction]

Game tape date: 2005-10-01
The J! Archive is created by fans, for fans. Scraping, republication, monetization, and malicious use prohibited; this site may use cookies and collect identifying information. See terms. The Jeopardy! game show and all elements thereof, including but not limited to copyright and trademark thereto, are the property of Jeopardy Productions, Inc. and are protected under law. This website is not affiliated with, sponsored by, or operated by Jeopardy Productions, Inc. Join the discussion at JBoard.tv.